000 00449ntaaa2200181 4500
003 01
005 20251027202623.0
008 0714s1973 ag 01
040 _aAR-BaBN
_bspa
_cAR-BaBN
_eaacr
_dRIC
082 _a371.0000 D58
100 _aDilthey, Guillermo
_96105
245 _aHistoria de la pedagogĂ­a
250 _a4 ed.
260 _aBuenos Aires :
_bEditorial Losada,
_cc1952
300 _a200 p
650 _apedagogĂ­a
_91020
942 _cBK
999 _c21342
_d21342